<?xml version="1.0" encoding="UTF-8"?><?xml-stylesheet type="text/xsl" href="static/style.xsl"?><OAI-PMH xmlns="http://www.openarchives.org/OAI/2.0/" xmlns:xsi="http://www.w3.org/2001/XMLSchema-instance" xsi:schemaLocation="http://www.openarchives.org/OAI/2.0/ http://www.openarchives.org/OAI/2.0/OAI-PMH.xsd"><responseDate>2026-04-17T13:12:30Z</responseDate><request verb="GetRecord" identifier="oai:www.recercat.cat:10459.1/69148" metadataPrefix="marc">https://recercat.cat/oai/request</request><GetRecord><record><header><identifier>oai:recercat.cat:10459.1/69148</identifier><datestamp>2024-12-05T22:44:50Z</datestamp><setSpec>com_2072_3622</setSpec><setSpec>col_2072_479130</setSpec></header><metadata><record xmlns="http://www.loc.gov/MARC21/slim" xmlns:dcterms="http://purl.org/dc/terms/" xmlns:xsi="http://www.w3.org/2001/XMLSchema-instance" xmlns:doc="http://www.lyncode.com/xoai" xsi:schemaLocation="http://www.loc.gov/MARC21/slim http://www.loc.gov/standards/marcxml/schema/MARC21slim.xsd">
   <leader>00925njm 22002777a 4500</leader>
   <datafield ind2=" " ind1=" " tag="042">
      <subfield code="a">dc</subfield>
   </datafield>
   <datafield ind2=" " ind1=" " tag="720">
      <subfield code="a">Parés Casanova, Pere-Miquel</subfield>
      <subfield code="e">author</subfield>
   </datafield>
   <datafield ind2=" " ind1=" " tag="720">
      <subfield code="a">Sofiane, Khelil</subfield>
      <subfield code="e">author</subfield>
   </datafield>
   <datafield ind2=" " ind1=" " tag="720">
      <subfield code="a">Medina, Anabel</subfield>
      <subfield code="e">author</subfield>
   </datafield>
   <datafield ind2=" " ind1=" " tag="260">
      <subfield code="c">2020-06-29T14:21:33Z</subfield>
   </datafield>
   <datafield ind2=" " ind1=" " tag="260">
      <subfield code="c">2020-06-29T14:21:33Z</subfield>
   </datafield>
   <datafield ind2=" " ind1=" " tag="260">
      <subfield code="c">2020-06-24</subfield>
   </datafield>
   <datafield ind2=" " ind1=" " tag="260">
      <subfield code="c">2020-06-29T14:21:34Z</subfield>
   </datafield>
   <datafield ind2=" " ind1=" " tag="520">
      <subfield code="a">Heterochrony is defined as the evolutionary changes in the timing of development, presenting a unified view of neoteny, recapitulation, paedogenesis, retardation, progenesis, etc. In order to detect processes of heterochrony and differentiate them, 291 fresh corpses of domestic rabbits of different purposes («belier» type n=73, «toy» type n=112, meat type n=71) were studied, from which facial and cephalic lengths were obtained, and compared them with 35 wild rabbits (Oryctolagus cuniculus). The regression lines of facial length versus the cranial length appeared homogeneous among types, but slopes showed statistically different values and, in all cases, allometric coefficients exceeding 1. This would be interpreted as a clear expression of hypomorphoses for toy rabbits (slope was lower than that for wilds), but hypermorphosis for meat animals (slope was higher than that for wilds). Wild rabbit, on the other hand, presented a development with a sudden stop, due to their lower body weight and hence shorter cephalic growth.</subfield>
   </datafield>
   <datafield ind2=" " ind1=" " tag="520">
      <subfield code="a">La heterocronía consiste en los cambios evolutivos a lo largo del desarrollo, e incluyen los fenómenos de neotenia, recapitulación, pedogénesis, retardo progénesis, etc. A fin de detectar procesos heterocrónicas y diferenciarlos, se procedió a estudiar 291 cadáveres frescos de conejos domésticos de diferente aptitud (73 del tipo “belier”, 112 del tipo “toy” y 71 de tipo carnicero), comparándolos con 35 de conejo silvestre ((Oryctolagus cuniculus). De cada animal se obtuvieron las longitudes facial y cefálica con pie de rey. Por tipos, las rectas de regresión de la longitud facial versus la longitud craneal aparecieron homogéneas entre ellas, pero con inclinaciones estadísticamente muy diferentes y en todos los casos con pendientes alométricas excediendo de 1. Se interpretaría ello, pues, como una expresión clara de hipomorfosis en el caso de los “toy” (pendiente inferior al del silvestre), y de hipermorfosis para los carniceros (pendiente superior al del silvestre). Los silvestres, por su lado, presentaron un desarrollo que cesa pronto, fruto de su menor peso corporal y, por ende, con menor longitud cefálica final.</subfield>
   </datafield>
   <datafield ind1="8" ind2=" " tag="024">
      <subfield code="a">http://hdl.handle.net/10459.1/69148</subfield>
   </datafield>
   <datafield tag="653" ind2=" " ind1=" ">
      <subfield code="a">Gerontomorphy</subfield>
   </datafield>
   <datafield tag="653" ind2=" " ind1=" ">
      <subfield code="a">Lagomorpha</subfield>
   </datafield>
   <datafield tag="653" ind2=" " ind1=" ">
      <subfield code="a">Morphology</subfield>
   </datafield>
   <datafield tag="653" ind2=" " ind1=" ">
      <subfield code="a">Oryctolagus cuniculus</subfield>
   </datafield>
   <datafield tag="653" ind2=" " ind1=" ">
      <subfield code="a">Paedomorphy</subfield>
   </datafield>
   <datafield tag="653" ind2=" " ind1=" ">
      <subfield code="a">Gerontomorfia</subfield>
   </datafield>
   <datafield tag="653" ind2=" " ind1=" ">
      <subfield code="a">Lagomorpha</subfield>
   </datafield>
   <datafield tag="653" ind2=" " ind1=" ">
      <subfield code="a">Pedomorfia</subfield>
   </datafield>
   <datafield ind2="0" ind1="0" tag="245">
      <subfield code="a">Cephalic heterochronies in domestic rabbits: a first study</subfield>
   </datafield>
   <datafield ind2="0" ind1="0" tag="245">
      <subfield code="a">Heterocronías cefálicas en conejos domésticos: un primer estudio</subfield>
   </datafield>
</record></metadata></record></GetRecord></OAI-PMH>